| 000 | 00147nam a22000617a 4500 | ||
|---|---|---|---|
| 999 |
_c23699 _d23699 |
||
| 003 | Nust | ||
| 005 | 20170608104403.0 | ||
| 008 | 140101b xxu||||| |||| 00| 0 eng d | ||
| 040 |
_aDLC _bDLC _cRCMS |
||
| 050 | _a620.007FOG | ||
| 082 | _a620.007 FOG | ||
| 100 |
_aFogiel Dr _92211 |
||
| 245 | _aThe Best Test Preparation of The Graduate Record Examination GRE Engineering | ||
| 260 |
_a _bResearch & Education Assoication |
||
| 300 |
_axii,614,p: _bill: _c26,cm. |
||
| 538 | _iShelf No 1 Row No 4 | ||
| 650 |
_aGRE Engineering _92212 |
||
| 856 | _3Table of content only | ||
| 942 |
_2ddc _cBK |
||